|
|
|
|
| LEADER |
00000ny a22000003n 4500 |
| 005 |
20110603142634.0 |
| 008 |
010307s2000 sp 000 spa c |
| 017 |
|
|
|a B28802-2000
|
| 020 |
|
|
|a 8493151009
|
| 035 |
|
|
|a 1243
|
| 040 |
|
|
|a UMA.DER
|d vLex
|
| 040 |
|
|
|a UMA.RE
|d vLex
|
| 080 |
|
|
|a 347.19(460)
|
| 090 |
|
|
|c 449
|d 449
|
| 100 |
1 |
|
|a Hurtado Cobles, Još
|
| 245 |
1 |
3 |
|a La doctrina del levantamiento del velo societario
|h [Recurso electrn̤ico]
|b estudio prc̀tico sobre la aplicacin̤ por los tribunales espaǫles /
|c Jos ̌Hurtado Cobles
|
| 256 |
|
|
|a Servicio en ln̕ea
|
| 260 |
|
|
|a Barcelona :
|b Atelier,
|c D.L. 2000
|
| 300 |
|
|
|a 195 p. ;
|c 24 cm
|
| 504 |
|
|
|a Bibliografa̕: p. 193-195
|
| 506 |
1 |
|
|a Contenido solo disponible en los productos indicados
|d vLex Global
|d vLex Global (Academic Edition, excluding Law Schools)
|d vLex Global (U.S. Academic Edition, Law Schools)
|d vLex Global (U.S. Academic Edition, excluding Law Schools)
|d vLex Global (Academic Edition, Law Schools)
|
| 650 |
0 |
7 |
|a Societario
|2 Tesauro vLex
|
| 650 |
0 |
7 |
|a Derecho de sociedades
|2 Tesauro vLex
|
| 650 |
0 |
7 |
|a Levantamiento del velo
|2 Tesauro vLex
|
| 650 |
0 |
7 |
|a Doctrina del levantamiento del velo
|2 Tesauro vLex
|
| 740 |
0 |
|
|a vLex Libros (Servicios en ln̕ea)
|
| 856 |
4 |
0 |
|u http://vlex.com/source/1243
|z Acceso restringido
|
| 942 |
|
|
|c BOOK
|
| 999 |
0 |
|
|a Corporation law
|b Barcelona
|